[Event "11th Dubai Open 2009"]
[Site "Dubai"]
[Date "2009.05.02"]
[Round "6.40"]
[White "Hannes, Diana"]
[Black "Isgandarova, Khayala"]
[Result "1/2-1/2"]
[WhiteElo "2061"]
[BlackElo "2230"]
[PlyCount "47"]
[EventDate "2009.04.26"]
[BlackTeam "United Arab Emirates"]
[BlackTeamCountry "UAE"]

1. e4 e6 2. d3 d5 3. Nd2 Nf6 4. Ngf3 dxe4 5. dxe4 Bc5 6. Bd3 Nc6 7. a3 a5 8.
O-O e5 9. b3 O-O 10. Bb2 Qe7 11. Nc4 Bg4 12. h3 Bxf3 13. Qxf3 Nd4 14. Qg3 Rfe8
15. b4 axb4 16. axb4 Rxa1 17. Rxa1 Bxb4 18. Qxe5 Qxe5 19. Nxe5 Bc5 20. Nf3
Nxf3+ 21. gxf3 Nh5 22. Bc1 Bd6 23. Ra5 Nf4 24. Bxf4 1/2-1/2

[Event "11th Dubai Open 2009"]
[Site "Dubai"]
[Date "2009.05.02"]
[Round "6.47"]
[White "Partac, Elena"]
[Black "Mohamed, Moussa"]
[Result "1/2-1/2"]
[WhiteElo "2171"]
[BlackElo "1958"]
[PlyCount "54"]
[EventDate "2009.04.26"]
[BlackTeam "United Arab Emirates"]
[BlackTeamCountry "UAE"]

1. e4 e5 2. Nf3 Nc6 3. Bb5 f5 4. d3 fxe4 5. dxe4 Nf6 6. O-O Bc5 7. Bxc6 bxc6 8.
Nxe5 Qe7 9. Nd3 Ba6 10. Bg5 d6 11. Re1 Bxd3 12. cxd3 Qe5 13. Be3 Bd4 14. Nd2
Bxe3 15. Rxe3 Rb8 16. Nc4 Qd4 17. e5 Nd5 {Diagram #} 18. exd6+ Nxe3 19. fxe3
Qd5 20. dxc7 Rc8 21. Qb3 O-O 22. Rf1 Rxf1+ 23. Kxf1 Qf7+ 24. Kg1 Kh8 25. d4
Qxc7 26. Ne5 h6 27. Qe6 Rb8 1/2-1/2

[Event "11th Dubai Open 2009"]
[Site "Dubai"]
[Date "2009.05.02"]
[Round "6.48"]
[White "Ghader Pour, Shayesteh"]
[Black "Poleschikov, Alexey"]
[Result "1-0"]
[WhiteElo "2156"]
[BlackElo "1919"]
[PlyCount "61"]
[EventDate "2009.04.26"]
[BlackTeam "United Arab Emirates"]
[BlackTeamCountry "UAE"]

1. e4 c6 2. d4 d5 3. exd5 cxd5 4. c4 Nf6 5. Nc3 e6 6. Nf3 Bb4 7. cxd5 Nxd5 8.
Bd2 Nc6 9. Bd3 O-O 10. O-O Be7 11. a3 Bf6 12. Qe2 g6 13. Bh6 Nxc3 14. bxc3 Bg7
15. Bxg7 Kxg7 16. Rab1 b6 17. c4 Ba6 {Diagram #} 18. d5 exd5 19. cxd5 Bxd3 20.
Qxd3 Na5 21. d6 Rc8 22. Nd2 Nb7 23. Ne4 Nc5 24. Nxc5 Rxc5 25. Rfe1 Qf6 26. d7
Rd8 27. Re8 Rc7 28. Rxd8 Qxd8 29. Rd1 Kg8 30. Qd6 b5 31. Qxc7 1-0

[Event "11th Dubai Open 2009"]
[Site "Dubai"]
[Date "2009.05.02"]
[Round "7.1"]
[White "Bachmann Axel"]
[Black "Malakhatko Vadim"]
[Result "1/2-1/2"]
[WhiteElo "2555"]
[BlackElo "2618"]
[PlyCount "25"]
[EventDate "2009.04.26"]
[WhiteTeam "Paraguay"]
[BlackTeam "Belgien"]
[WhiteTeamCountry "PAR"]
[BlackTeamCountry "BEL"]

1. e4 e6 2. d4 d5 3. Nc3 Nf6 4. Bg5 dxe4 5. Nxe4 Nbd7 6. Nf3 h6 7. Nxf6+ Nxf6
8. Be3 Nd5 9. Qd2 Bd6 10. O-O-O Qe7 11. Bd3 Bd7 12. Ne5 O-O-O 13. f4 1/2-1/2

[Event "11th Dubai Open 2009"]
[Site "Dubai"]
[Date "2009.05.02"]
[Round "7.3"]
[White "Guseinov Gadir"]
[Black "Geetha Narayanan Gopal"]
[Result "1-0"]
[WhiteElo "2659"]
[BlackElo "2572"]
[PlyCount "54"]
[EventDate "2009.04.26"]
[WhiteTeam "Aserbeidschan"]
[BlackTeam "Indien"]
[WhiteTeamCountry "AZE"]
[BlackTeamCountry "IND"]

1. e4 c5 2. Nf3 Nc6 3. Nc3 Nf6 4. Bb5 g6 5. e5 Ng4 6. Bxc6 dxc6 7. h3 Nh6 8. g4
Bg7 9. d3 O-O 10. Bf4 f6 11. Qe2 Nxg4 12. hxg4 fxe5 {Diagram #} 13. Rxh7 exf4
14. Rh4 Bf6 15. Qe4 Kg7 16. Ne5 Qe8 17. Rh2 Be6 18. O-O-O Bd5 19. Qxf4 Rh8 20.
Rxh8 Qxh8 21. Nxd5 cxd5 22. g5 Qb8 23. gxf6+ exf6 24. Nxg6 Kxg6 25. Qg4+ Kf7
26. Qd7+ Kf8 27. Rh1 Qf4+ 1-0

[Event "11th Dubai Open 2009"]
[Site "Dubai"]
[Date "2009.05.02"]
[Round "7.4"]
[White "Anastasian Ashot"]
[Black "Aleksandrov Aleksej"]
[Result "1-0"]
[WhiteElo "2554"]
[BlackElo "2624"]
[PlyCount "146"]
[EventDate "2009.04.26"]
[WhiteTeam "Armenien"]
[BlackTeam "Belarus"]
[WhiteTeamCountry "ARM"]
[BlackTeamCountry "BLR"]

1. d4 Nf6 2. c4 e6 3. Nc3 Bb4 4. Qc2 O-O 5. a3 Bxc3+ 6. Qxc3 b6 7. Bg5 Bb7 8.
e3 d6 9. Ne2 Nbd7 10. Qc2 c5 11. Rd1 Qc7 12. Nc3 a6 13. Bh4 Rfe8 14. f3 Rac8
15. Qd2 d5 16. cxd5 Nxd5 17. Be2 cxd4 18. Nxd5 exd5 19. exd4 Qc2 20. Kf2 Nf8
21. Bd3 Qa4 22. Bb1 a5 23. Qd3 Bc6 24. Rd2 Bb5 25. Bc2 Bxd3 26. Bxa4 b5 27. Bd1
Bf5 28. g4 Be6 29. Be2 Bd7 30. Re1 Re6 31. h3 Ng6 32. Bg3 Ne7 33. Bd3 Rxe1 34.
Kxe1 Rc1+ 35. Rd1 Rxd1+ 36. Kxd1 h5 37. Bc7 a4 38. Kd2 hxg4 39. hxg4 g5 40. Kc3
f5 41. Bd8 Kf7 42. Bxe7 Kxe7 43. gxf5 Kf6 44. Kb4 Be8 45. Kc5 Bh5 46. Be2 Kxf5
47. Kxd5 Kf4 48. Kc5 Bxf3 49. Bxf3 Kxf3 50. d5 g4 51. d6 g3 52. d7 g2 53. d8=Q
g1=Q+ 54. Qd4 Qg6 55. Qd5+ Ke2 56. Kxb5 Qe8+ 57. Qc6 Qb8+ 58. Kxa4 Kd1 59. Qb5
Qd8 60. Kb3 Kd2 61. Qb4+ Ke3 62. Qc4 Qb6+ 63. Ka2 Qa7 64. a4 Qa8 65. Ka3 Qf8+
66. b4 Qf6 67. Kb3 Qd8 68. Qc3+ Kf4 69. a5 Qd1+ 70. Kc4 Qe2+ 71. Qd3 Qe6+ 72.
Qd5 Qa6+ 73. Kc3 Ke3 1-0

[Event "11th Dubai Open 2009"]
[Site "Dubai"]
[Date "2009.05.02"]
[Round "7.5"]
[White "Kotanjian Tigran"]
[Black "Fedorov Alexei"]
[Result "1-0"]
[WhiteElo "2552"]
[BlackElo "2611"]
[PlyCount "104"]
[EventDate "2009.04.26"]
[WhiteTeam "Armenien"]
[BlackTeam "Belarus"]
[WhiteTeamCountry "ARM"]
[BlackTeamCountry "BLR"]

1. d4 Nf6 2. c4 g6 3. Nc3 Bg7 4. e4 d6 5. Nf3 O-O 6. Be2 e5 7. O-O Nc6 8. d5
Ne7 9. b4 Nh5 10. Re1 a5 11. bxa5 Rxa5 12. Nd2 Nf4 13. Bf1 c5 14. a4 Ra6 15.
Ra3 Nh5 16. Nb5 Nf6 17. g3 Ne8 18. f4 exf4 19. gxf4 Bh6 20. Qf3 Bd7 21. Qf2 Bg7
22. Kh1 Qa8 23. e5 Nf5 24. Nc3 Bxa4 25. Nxa4 Rxa4 26. Rxa4 Qxa4 27. Bh3 Nd4 28.
Bb2 Nb3 29. Bf1 Nxd2 30. Qxd2 Bh6 31. Qc3 Bxf4 32. e6 f6 33. Ra1 Qb4 34. Qxb4
cxb4 35. Ra7 Be5 36. Bc1 Nc7 37. Rxb7 Rc8 38. Be3 Bc3 39. c5 Be5 40. Bc4 dxc5
41. e7 Kg7 42. Bxc5 Ne8 43. Bb5 Rxc5 44. Bxe8 Bd6 45. Bc6 Bxe7 46. Rxe7+ Kh6
47. Rb7 Rc4 48. Kg2 Kg5 49. Kf3 h5 50. Ke3 Kh4 51. Bb5 Rc8 52. d6 Kh3 1-0

[Event "11th Dubai Open 2009"]
[Site "Dubai"]
[Date "2009.05.02"]
[Round "7.8"]
[White "Iordachescu Viorel"]
[Black "Ramnath Bhuvanesh R"]
[Result "1-0"]
[WhiteElo "2608"]
[BlackElo "2273"]
[PlyCount "72"]
[EventDate "2009.04.26"]
[WhiteTeam "Moldowa"]
[BlackTeam "Indien"]
[WhiteTeamCountry "MDA"]
[BlackTeamCountry "IND"]

1. e4 c5 2. Nf3 Nc6 3. d4 cxd4 4. Nxd4 Nf6 5. Nc3 e5 6. Ndb5 d6 7. Bg5 a6 8.
Na3 b5 9. Nd5 Be7 10. Bxf6 Bxf6 11. c3 Ne7 12. Nxf6+ gxf6 13. Bd3 Bb7 14. Qe2
Qb6 15. O-O-O O-O-O 16. Nc2 d5 17. exd5 Nxd5 18. g3 Kb8 19. Be4 Qa5 20. a3 Rd6
21. Rd3 Rhd8 22. Rhd1 Qc7 23. Bxh7 Ne7 24. Rxd6 Rxd6 25. Rxd6 Qxd6 26. Be4 Bc8
27. Qd2 Qb6 28. Nb4 Be6 29. Qe3 Qd6 {Diagram #} 30. Qc5 Qxc5 31. Nxa6+ Ka7 32.
Nxc5 Bc8 33. b4 f5 34. Bd3 Kb6 35. Kd2 e4 36. Be2 Kc6 1-0

[Event "11th Dubai Open 2009"]
[Site "Dubai"]
[Date "2009.05.02"]
[Round "7.9"]
[White "Melkumyan Hrant"]
[Black "Safarli Eltaj"]
[Result "1/2-1/2"]
[WhiteElo "2528"]
[BlackElo "2599"]
[PlyCount "58"]
[EventDate "2009.04.26"]
[WhiteTeam "Armenien"]
[BlackTeam "Aserbeidschan"]
[WhiteTeamCountry "ARM"]
[BlackTeamCountry "AZE"]

1. d4 Nf6 2. c4 g6 3. Nc3 d5 4. Nf3 Bg7 5. cxd5 Nxd5 6. e4 Nxc3 7. bxc3 c5 8.
Be3 O-O 9. Qd2 Nd7 10. Rd1 Nf6 11. e5 Nd5 12. dxc5 Be6 13. Bd4 Qa5 14. Bd3 Nc7
15. O-O Bd5 16. Qe3 Ne6 17. Rb1 Qc7 18. Be4 Qc6 19. Bxd5 Qxd5 20. Rb2 Rac8 21.
Rfb1 Rc7 22. h4 h6 23. Re1 Rfc8 24. Qe4 Qxe4 25. Rxe4 Rd7 26. Be3 Nxc5 27. Rc4
b6 28. Bxc5 bxc5 29. Rb5 Rd5 1/2-1/2

[Event "11th Dubai Open 2009"]
[Site "Dubai"]
[Date "2009.05.02"]
[Round "7.10"]
[White "Hossain Enamul"]
[Black "Volkov Sergey"]
[Result "1/2-1/2"]
[WhiteElo "2531"]
[BlackElo "2594"]
[PlyCount "130"]
[EventDate "2009.04.26"]
[WhiteTeam "Bangladesch"]
[BlackTeam "Russland"]
[WhiteTeamCountry "BAN"]
[BlackTeamCountry "RUS"]

1. e4 e6 2. d4 d5 3. Nc3 Nf6 4. e5 Nfd7 5. f4 c5 6. Nf3 Nc6 7. Be3 Be7 8. Qd2
O-O 9. dxc5 Qa5 10. O-O-O b6 11. Bb5 Bb7 12. Kb1 Kh8 13. Nd4 Nxd4 14. Qxd4 bxc5
15. Qa4 Qxa4 16. Nxa4 d4 17. Bxd4 Bxg2 18. Rhg1 Bf3 19. Rdf1 cxd4 20. Rxf3 Nc5
21. Nxc5 Bxc5 22. f5 exf5 23. Rxf5 g6 24. Rf3 Rab8 25. Ba4 d3 26. Rg2 Bd4 27.
c4 Bxe5 28. Rxd3 Rfc8 29. Bb5 Rc7 30. h3 Kg7 31. b3 Rb6 32. Rd5 Bf6 33. Kc2 Be7
34. Bd7 Rf6 35. Bg4 Bc5 36. Be2 Rf4 37. Kc3 Rh4 38. Rg3 Bf2 39. Rf3 Be1+ 40.
Kc2 Re4 41. Bd3 Re6 42. a3 a5 43. c5 Rec6 44. Kd1 Bc3 45. Bc4 Bf6 46. b4 Be7
47. b5 Rf6 48. Rxf6 Kxf6 49. c6 Bxa3 50. Bb3 Ke7 51. Ba4 Bd6 52. b6 Rc8 53.
Rxa5 Bb8 54. Ra8 Rd8+ 55. Kc2 Kd6 56. Ra6 f5 57. c7 Bxc7 58. bxc7+ Kxc7 59.
Ra7+ Kd6 60. Rxh7 Ke5 61. Bd7 Rb8 62. Kd3 Rb7 63. Rg7 Kf6 64. Rh7 Ke5 65. Rg7
Kf6 1/2-1/2

[Event "11th Dubai Open 2009"]
[Site "Dubai"]
[Date "2009.05.02"]
[Round "7.11"]
[White "Ghaem Maghami Ehsan"]
[Black "Guliev Sarhan"]
[Result "1-0"]
[WhiteElo "2593"]
[BlackElo "2489"]
[PlyCount "85"]
[EventDate "2009.04.26"]
[WhiteTeam "Iran"]
[BlackTeam "Aserbeidschan"]
[WhiteTeamCountry "IRI"]
[BlackTeamCountry "AZE"]

1. c4 Nf6 2. Nc3 c5 3. Nf3 e6 4. g3 d5 5. cxd5 exd5 6. d4 Nc6 7. Bg2 h6 8. O-O
Be7 9. b3 O-O 10. Bb2 Re8 11. Rc1 cxd4 12. Nxd4 Bf8 13. Re1 Bg4 14. h3 Bh5 15.
Qd2 Rc8 16. e3 Qd7 17. g4 Bg6 18. Nde2 Be4 19. Nxe4 Nxe4 20. Qd1 Bb4 21. Rf1 f5
22. Nf4 Rcd8 23. gxf5 Qxf5 24. Qg4 Qxg4 25. hxg4 d4 26. exd4 Bd2 {Diagram #}
27. d5 Bxf4 28. Rc4 Ne5 29. Rxe4 Nd3 30. Rxe8+ Rxe8 31. Ba3 Ne1 32. d6 Nxg2 33.
Kxg2 Rd8 34. Rd1 Kf7 35. Kf3 Be5 36. Ke4 Ke6 37. f4 Bf6 38. Rc1 Rd7 39. f5+ Kf7
40. Rc7 Ke8 41. Kd5 Bd8 42. Rxd7 Kxd7 43. Bb2 1-0

[Event "11th Dubai Open 2009"]
[Site "Dubai"]
[Date "2009.05.02"]
[Round "7.12"]
[White "Sundararajan Kidambi"]
[Black "Gagunashvili Merab"]
[Result "1-0"]
[WhiteElo "2487"]
[BlackElo "2591"]
[PlyCount "81"]
[EventDate "2009.04.26"]
[WhiteTeam "Indien"]
[BlackTeam "Georgien"]
[WhiteTeamCountry "IND"]
[BlackTeamCountry "GEO"]

1. Nf3 d6 2. d4 Bg4 3. c4 Nd7 4. Nc3 Bxf3 5. exf3 g6 6. Be2 Bg7 7. O-O e6 8. d5
exd5 9. Re1 d4 10. Bf1+ Ne5 11. Nb5 Ne7 12. Nxd4 O-O 13. Bg5 Qd7 14. Bxe7 Qxe7
15. f4 Rad8 16. Nb5 c6 17. Nc3 Qc7 18. fxe5 dxe5 19. Qc2 Rd4 20. Rad1 Rfd8 21.
Ne2 R4d7 22. Rxd7 Qxd7 23. Nc3 Qc7 24. Rd1 Rd4 25. Ne2 Rxd1 26. Qxd1 e4 27. b4
Bf8 28. c5 a5 29. a3 axb4 30. axb4 b6 31. Qd4 bxc5 32. bxc5 Qa7 33. Qxe4 Bxc5
34. Qf3 Kg7 35. g3 Qb6 36. Kg2 Bb4 37. Nf4 Be7 38. Bd3 Bd6 39. Be4 Bc5 40. Nd3
Bd4 41. Bxc6 1-0

[Event "11th Dubai Open 2009"]
[Site "Dubai"]
[Date "2009.05.02"]
[Round "7.13"]
[White "Turov Maxim"]
[Black "Sturua Zurab"]
[Result "1/2-1/2"]
[WhiteElo "2582"]
[BlackElo "2514"]
[PlyCount "34"]
[EventDate "2009.04.26"]
[WhiteTeam "Russland"]
[BlackTeam "Georgien"]
[WhiteTeamCountry "RUS"]
[BlackTeamCountry "GEO"]

1. d4 d5 2. c4 c6 3. Nc3 Nf6 4. Nf3 dxc4 5. a4 Bf5 6. Ne5 Nbd7 7. Nxc4 Nb6 8.
Ne5 a5 9. f3 Nfd7 10. Nxd7 Nxd7 11. e4 Bg6 12. Qb3 e5 13. Be3 Bb4 14. Rd1 Qe7
15. d5 O-O 16. Bc4 Rab8 17. Qc2 Rfd8 1/2-1/2

[Event "11th Dubai Open 2009"]
[Site "Dubai"]
[Date "2009.05.02"]
[Round "7.14"]
[White "Perunovic Milos"]
[Black "Lalith Babu M R"]
[Result "1-0"]
[WhiteElo "2580"]
[BlackElo "2480"]
[PlyCount "35"]
[EventDate "2009.04.26"]
[WhiteTeam "SRB"]
[BlackTeam "Indien"]
[BlackTeamCountry "IND"]

1. e4 c6 2. d4 d5 3. e5 Bf5 4. h4 h5 5. Bg5 Qb6 6. Bd3 Bxd3 7. Qxd3 Qxb2 8. e6
Qxa1 9. Qb3 Qxd4 10. Qxb7 fxe6 11. Be3 Qa4 12. Qxa8 Qa5+ 13. Nd2 Qd8 14. Ngf3
Nf6 15. O-O g6 16. Rb1 Nbd7 17. Qxc6 Bg7 18. Ng5 1-0

[Event "11th Dubai Open 2009"]
[Site "Dubai"]
[Date "2009.05.02"]
[Round "7.15"]
[White "Salem A R  Saleh"]
[Black "Miezis Normunds"]
[Result "0-1"]
[WhiteElo "2479"]
[BlackElo "2579"]
[PlyCount "79"]
[EventDate "2009.04.26"]
[WhiteTeam "United Arab Emirates"]
[BlackTeam "Lettland"]
[WhiteTeamCountry "UAE"]
[BlackTeamCountry "LAT"]

1. d4 Nf6 2. c4 e6 3. Nc3 Bb4 4. e3 c5 5. Bd3 d5 6. Nf3 Nbd7 7. O-O cxd4 8.
exd4 dxc4 9. Bxc4 O-O 10. Qe2 Nb6 11. Bd3 Be7 12. Re1 Nbd5 13. Bg5 Nb4 14. Bc4
a6 15. Rad1 Nbd5 16. Bb3 Nxc3 17. bxc3 Nd5 18. Bxe7 Nxe7 19. c4 Nf5 20. Bc2 Qf6
21. Qe4 g6 22. Qf4 Kg7 23. Bxf5 Qxf5 24. Qc7 Qf6 25. h4 h6 26. Re3 Qd8 27. Qg3
b5 28. c5 Bb7 29. Ne5 Bd5 30. f4 h5 31. Rd2 b4 32. Nd3 a5 33. f5 exf5 34. Nf4
Kh7 35. Re5 Bxa2 36. Kh2 Bc4 37. Nxh5 Ra6 38. Rxf5 Rg8 39. Rg5 f6 40. Nf4 0-1

[Event "11th Dubai Open 2009"]
[Site "Dubai"]
[Date "2009.05.02"]
[Round "7.16"]
[White "Kayumov Sergey"]
[Black "Milanovic Danilo"]
[Result "1/2-1/2"]
[WhiteElo "2450"]
[BlackElo "2564"]
[PlyCount "249"]
[EventDate "2009.04.26"]
[WhiteTeam "Uzbekistan"]
[BlackTeam "SRB"]
[WhiteTeamCountry "UZB"]

1. Nf3 Nf6 2. b3 c5 3. Bb2 b6 4. e3 Bb7 5. Be2 g6 6. O-O Bg7 7. d4 O-O 8. Nbd2
d6 9. c4 e6 10. a3 Qe7 11. Qb1 Nbd7 12. Re1 Nh5 13. Bd3 Rad8 14. b4 e5 15. Be4
Bc8 16. Bd5 Kh8 17. dxe5 dxe5 18. e4 Nf4 19. Nf1 Nxd5 20. exd5 Qd6 21. Bc3 Rde8
22. Qb2 f6 23. Ng3 Kg8 24. h4 Rf7 25. h5 Nf8 26. Ne4 Qc7 27. bxc5 bxc5 28. Qb5
Bd7 29. Qa5 Bf5 30. Qxc7 Rxc7 31. Nd6 Rb8 32. Ba5 Rd7 33. Nxf5 gxf5 34. Nh4 f4
35. Rab1 Rdb7 36. Rxb7 Rxb7 37. Nf5 Nd7 38. Kh2 Bf8 39. f3 Kf7 40. a4 Rb3 41.
Rc1 Ke8 42. Be1 Nb6 43. a5 Nc8 44. Kh3 a6 45. Bc3 Kf7 46. Rc2 Ke8 47. Kg4 Kf7
48. Kh3 Ke8 49. Kg4 Kf7 50. Rc1 Rb8 51. Rc2 Rb3 52. Rc1 Rb8 53. Rc2 Rb3 54. Kh3
Nd6 55. Nxd6+ Bxd6 56. Kg4 Bc7 57. Kf5 Rb8 58. Be1 Rb1 59. Bh4 Bd8 60. Bf2 Be7
61. Ke4 Bd6 62. g3 fxg3 63. Bxg3 Rb3 64. Bh2 Bc7 65. f4 Rh3 66. d6 Bxd6 67.
fxe5 fxe5 68. Bxe5 Bxe5 69. Kxe5 Ke7 70. Kd5 Rxh5+ 71. Kc6 Re5 72. Kb6 Re6+ 73.
Kxc5 h5 74. Rb2 Rh6 75. Rb7+ Kd8 76. Rb6 Rh7 77. Rxa6 Kc8 78. Rc6+ Kb7 79. Rb6+
Ka7 80. Rb3 h4 81. Rh3 Ka6 82. Kb4 Rb7+ 83. Ka4 Rh7 84. c5 Rh6 85. Kb4 Rh5 86.
Kc4 Rh6 87. Kb4 Rh5 88. c6 Rb5+ 89. Kc4 Rxa5 90. Rb3 Ra1 91. Kc5 Rc1+ 92. Kd6
Rd1+ 93. Kc7 Rc1 94. Kd7 Rd1+ 95. Kc8 Rg1 96. c7 Rg8+ 97. Kd7 Rg7+ 98. Kd6 Rg6+
99. Kd5 Rg5+ 100. Ke6 Rg6+ 101. Ke7 Rg7+ 102. Kd6 Rg6+ 103. Kd5 Rg5+ 104. Kd4
Rg4+ 105. Ke5 Rg5+ 106. Kd4 Rg4+ 107. Kd3 Rg3+ 108. Kd2 Rg2+ 109. Kd1 Rg1+ 110.
Kc2 Rg2+ 111. Kb1 Rg1+ 112. Kb2 Rg2+ 113. Kc3 Rg3+ 114. Kd4 Rg4+ 115. Ke5 Rg5+
116. Ke6 Rg6+ 117. Kd7 Rg7+ 118. Kc6 Rg6+ 119. Kc5 Rg5+ 120. Kc4 Rg4+ 121. Kc3
Rg3+ 122. Kc2 Rg2+ 123. Kd3 Rg3+ 124. Ke2 Rg2+ 125. Kd1 1/2-1/2

[Event "11th Dubai Open 2009"]
[Site "Dubai"]
[Date "2009.05.02"]
[Round "7.17"]
[White "Neverov, Valeriy"]
[Black "Sethuraman, S P."]
[Result "1-0"]
[WhiteElo "2552"]
[BlackElo "2451"]
[PlyCount "59"]
[EventDate "2009.04.26"]
[WhiteTeam "Uzbekistan"]
[WhiteTeamCountry "UZB"]

1. d4 d5 2. c4 e6 3. Nf3 Nf6 4. Nc3 Be7 5. Bg5 h6 6. Bh4 O-O 7. e3 b6 8. Qb3
Bb7 9. Bxf6 Bxf6 10. cxd5 exd5 11. Rd1 Re8 12. Be2 c6 13. O-O Nd7 14. Rd2 g6
15. Rc1 Bg7 16. Qd1 a5 17. Ne1 Qe7 18. Bf3 Rab8 19. Nd3 Qd6 20. Nf4 Nf6 21. g3
Bc8 22. Bg2 Bg4 23. Qf1 Bf8 24. a3 b5 25. Nd3 Nd7 26. Rdc2 Nb6 27. Nb1 Rec8 28.
Bh3 f5 29. Nc5 Ra8 30. b3 {55 moves} 1-0

[Event "11th Dubai Open 2009"]
[Site "Dubai"]
[Date "2009.05.02"]
[Round "7.18"]
[White "Poghosyan, Suren"]
[Black "Gasanov, Eldar"]
[Result "1/2-1/2"]
[WhiteElo "2285"]
[BlackElo "2551"]
[PlyCount "105"]
[EventDate "2009.04.26"]
[WhiteTeam "Uzbekistan"]
[WhiteTeamCountry "UZB"]

1. d4 Nf6 2. c4 e6 3. Nc3 Bb4 4. e3 c5 5. Nge2 b6 6. a3 Ba5 7. Nf4 Nc6 8. Bd2
Bxc3 9. Bxc3 Ne4 10. Qc2 Nxc3 11. Qxc3 cxd4 12. exd4 Qf6 {Diagram #} 13. Nh5
Qxd4 14. Nxg7+ Kf8 15. Qxd4 Nxd4 16. O-O-O Nb3+ 17. Kc2 Nc5 18. Nh5 a5 19. f3
Ke7 20. b4 axb4 21. axb4 Nb7 22. Kb3 Nd6 23. Bd3 Bb7 24. Rhe1 Ra7 25. Ra1 Rxa1
26. Rxa1 Rg8 27. Nf4 f5 28. Ra7 Rb8 29. Ne2 Nf7 30. Nc3 Ne5 31. Bf1 h5 32. Ra1
h4 33. h3 Bc6 34. Ra6 d6 35. Ne2 {Diagram #} b5 36. Nd4 bxc4+ 37. Bxc4 Bd7 38.
Ra7 Kf6 39. f4 Nxc4 40. Kxc4 Rc8+ 41. Kd3 Be8 42. Ra6 Rd8 43. b5 e5 44. fxe5+
Kxe5 45. b6 Rb8 46. Ra7 f4 47. Kc4 Kf6 48. b7 Ke5 49. Nf3+ Ke4 50. Ng5+ Kf5 51.
Nf3 Ke4 52. Ng5+ Kf5 53. Nf3 1/2-1/2

[Event "11th Dubai Open 2009"]
[Site "Dubai"]
[Date "2009.05.02"]
[Round "7.19"]
[White "Jankovic, Alojzije"]
[Black "Priyadharshan, K."]
[Result "1-0"]
[WhiteElo "2540"]
[BlackElo "2411"]
[PlyCount "111"]
[EventDate "2009.04.26"]
[WhiteTeam "Uzbekistan"]
[WhiteTeamCountry "UZB"]

1. d4 Nf6 2. c4 e6 3. Nf3 Bb4+ 4. Bd2 c5 5. Bxb4 cxb4 6. g3 O-O 7. Bg2 d6 8.
Nbd2 Qc7 9. Nf1 b6 10. Ne3 Bb7 11. O-O a5 12. Rc1 Na6 13. Qd2 Be4 14. Bh3 Rfd8
15. Nh4 Qb7 16. Rfd1 b5 17. f3 Bg6 18. Nxg6 hxg6 19. Qd3 bxc4 20. Nxc4 Nc7 21.
Bf1 Ncd5 22. e3 Ne7 23. Rc2 d5 24. Nd2 Rdc8 25. Rdc1 Rxc2 26. Rxc2 Rc8 27. Nb3
Rxc2 28. Qxc2 Qb6 {Diagram #} 29. Qc5 Qxc5 30. dxc5 a4 31. Nd4 e5 32. Nc2 Nd7
33. Nxb4 Nxc5 34. Na6 Nxa6 35. Bxa6 Nf5 36. Bb5 Nxe3 37. Bxa4 Kf8 38. b4 Ke7
39. Kf2 d4 40. Bb3 f6 41. a4 Kd6 42. a5 Kc6 43. Ke2 Kb5 44. Kd3 f5 45. f4 Ng4
46. Bc4+ Kc6 47. fxe5 Nxe5+ 48. Kxd4 Nf3+ 49. Ke3 Ne5 50. Be2 g5 51. Kd4 Kd6
52. b5 f4 53. a6 f3 54. Bf1 Nd7 55. Ke4 g4 56. Kf4 1-0

[Event "11th Dubai Open 2009"]
[Site "Dubai"]
[Date "2009.05.02"]
[Round "7.20"]
[White "Ibrahimov, Rasul"]
[Black "Melnikova, Yana"]
[Result "1-0"]
[WhiteElo "2537"]
[BlackElo "2264"]
[PlyCount "43"]
[EventDate "2009.04.26"]
[WhiteTeam "Uzbekistan"]
[WhiteTeamCountry "UZB"]

1. Nf3 d5 2. d4 c6 3. c4 e6 4. Qc2 dxc4 5. Qxc4 b5 6. Qc2 Nf6 7. Bg5 Bb7 8. e4
Nbd7 9. Nbd2 h6 10. Bh4 Qb6 11. a4 a6 12. Be2 c5 13. axb5 axb5 14. Rxa8+ Bxa8
15. O-O Be7 16. dxc5 Bxc5 {Diagram #} 17. b4 Bxb4 18. e5 g5 19. exf6 gxh4 20.
Bxb5 Qb7 21. Rb1 Bd6 22. Qa4 1-0

[Event "11th Dubai Open 2009"]
[Site "Dubai"]
[Date "2009.05.02"]
[Round "7.22"]
[White "Arutinian, David"]
[Black "Gurieli, Nino"]
[Result "1-0"]
[WhiteElo "2548"]
[BlackElo "2325"]
[PlyCount "59"]
[EventDate "2009.04.26"]
[WhiteTeam "Uzbekistan"]
[WhiteTeamCountry "UZB"]

1. d4 d6 2. e4 g6 3. Nc3 Bg7 4. g3 Nc6 5. d5 Ne5 6. Bg2 Nf6 7. h3 O-O 8. Nge2
c6 9. O-O cxd5 10. exd5 a6 11. a4 Qa5 12. Ra2 e6 13. dxe6 Bxe6 14. Ra1 Rad8 15.
Nf4 d5 16. Nce2 {Diagram #} d4 17. Nxe6 fxe6 18. Nxd4 Qb6 19. c3 Nc6 20. Qb3
Qxb3 21. Nxb3 Nd7 22. Be3 Nce5 23. Bxb7 Nc4 24. Bxa6 Nxb2 25. Rfc1 Ne5 26. Kg2
Ned3 27. Rc2 e5 28. Nc5 Rb8 29. Nxd3 Nxd3 30. Bb5 1-0

[Event "11th Dubai Open 2009"]
[Site "Dubai"]
[Date "2009.05.02"]
[Round "7.23"]
[White "Brkic, Ante"]
[Black "Georg, Magdy"]
[Result "1-0"]
[WhiteElo "2541"]
[BlackElo "2277"]
[PlyCount "131"]
[EventDate "2009.04.26"]
[WhiteTeam "Uzbekistan"]
[WhiteTeamCountry "UZB"]

1. e4 e6 2. d4 d5 3. Nc3 Nf6 4. e5 Nfd7 5. f4 c5 6. Nf3 Nc6 7. Be3 Qb6 8. Na4
Qa5+ 9. c3 b6 10. Bd2 c4 11. b4 Qa6 12. a3 Qb7 13. Be2 Be7 14. O-O Nf8 15. Qe1
Bd7 16. Bd1 g6 17. Bc2 O-O-O 18. Be3 h6 19. Bf2 Nh7 20. Nb2 Rdg8 21. Qb1 Qc7
22. Nd1 Kb7 23. Ne3 Qd8 24. Kh1 h5 25. a4 Kb8 26. Nd2 Qc7 27. Bg1 Bf8 28. h3
Bc8 29. Bh2 Bb7 30. Qe1 Qd8 31. Qf2 Be7 32. Nf3 Rg7 33. Bg3 Bc8 {Diagram #} 34.
Bh4 Bxh4 35. Qxh4 Qxh4 36. Nxh4 Ne7 37. b5 Nf8 38. Nf3 h4 39. Ng4 Nf5 40. Kh2
Nd7 41. Ng5 Kc7 42. Bxf5 gxf5 43. Nf6 Nxf6 44. exf6 Rg6 45. Nxf7 Rhg8 46. Ng5
Rxf6 47. Nf3 Rh6 48. Rg1 Bd7 49. g3 hxg3+ 50. Rxg3 Rxg3 51. Kxg3 Be8 52. Ne5
Rh7 53. Kh2 Rg7 54. Nf3 Kd6 55. Ng5 Rg6 56. Kg3 Rh6 57. a5 Rg6 58. axb6 axb6
59. Ra6 Bxb5 60. Rxb6+ Bc6 61. Rb8 Rg7 62. h4 Ra7 63. h5 Ra3 64. h6 Rxc3+ 65.
Kh4 Rc1 66. h7 1-0

[Event "11th Dubai Open 2009"]
[Site "Dubai"]
[Date "2009.05.02"]
[Round "7.24"]
[White "Abdulov, Orkhan"]
[Black "Laxman, R R."]
[Result "0-1"]
[WhiteElo "2339"]
[BlackElo "2521"]
[PlyCount "82"]
[EventDate "2009.04.26"]
[WhiteTeam "Uzbekistan"]
[WhiteTeamCountry "UZB"]

1. e4 e5 2. Nf3 Nc6 3. Nc3 Nf6 4. d4 exd4 5. Nxd4 Bb4 6. Nxc6 bxc6 7. Bd3 d5 8.
exd5 cxd5 9. O-O O-O 10. Bg5 c6 11. Qf3 Be7 12. Rae1 Re8 13. Na4 Bg4 14. Qg3
Bh5 15. f4 Ne4 16. Bxe7 Qxe7 17. Bxe4 dxe4 18. Qh3 g6 19. Nc3 f5 20. Qe3 h6 21.
h3 Rad8 22. Rf2 Kh7 23. Kh1 Rg8 24. Rg1 Qh4 25. Qxa7+ Rg7 26. Qe3 Bg4 27. Kh2
g5 28. a4 Rdg8 29. a5 Bf3 30. Ne2 Bxe2 31. fxg5 Bg4 32. gxh6 Rg6 33. Rd2 Qe7
34. Rf1 Rxh6 35. a6 Rg7 36. c3 Qe5+ 37. Kh1 Qa5 38. Rff2 Qa1+ 39. Kh2 Bxh3 40.
Rf1 Qxf1 41. gxh3 Qf3 0-1

[Event "11th Dubai Open 2009"]
[Site "Dubai"]
[Date "2009.05.02"]
[Round "7.25"]
[White "Mohannad, Farhan"]
[Black "Sangupta, Deep"]
[Result "0-1"]
[WhiteElo "2284"]
[BlackElo "2466"]
[PlyCount "108"]
[EventDate "2009.04.26"]
[WhiteTeam "Uzbekistan"]
[WhiteTeamCountry "UZB"]

1. Nf3 d5 2. d4 c6 3. c4 e6 4. Nc3 dxc4 5. a4 Bb4 6. e3 b5 7. Bd2 a5 8. axb5
Bxc3 9. Bxc3 cxb5 10. b3 Bb7 11. bxc4 b4 12. Bb2 Nf6 13. Bd3 O-O 14. O-O Nbd7
15. Nd2 Qc7 16. Bc2 Rfd8 17. Qe2 e5 18. Ba4 exd4 19. exd4 Re8 20. Qd3 Bc6 21.
Bc2 Qd6 {Diagram #} 22. d5 Nc5 23. Qd4 Bd7 24. f3 Rec8 25. Ne4 Qb6 26. Kh1 Ra6
27. Bd3 Nb3 28. Qe5 Qb8 29. d6 Ne8 30. c5 Ra7 31. Rad1 Be6 32. Qh5 h6 33. f4 f6
34. f5 Bf7 35. Qg4 Kf8 36. Bb1 Qb5 37. Rf3 Qe2 {Diagram #} 38. Rg3 Qxb2 39. d7
Rxd7 40. Rxd7 Qxb1+ 41. Rd1 Qc2 42. Nd6 h5 43. Qf3 Rd8 44. Re1 Nxd6 45. cxd6
Qd2 46. Rd1 Qc2 47. Re1 Nc5 48. Qf4 Nd3 49. Qe3 Ne5 50. Qb6 Rd7 51. Qxa5 Qd2
52. Rge3 Qxd6 53. Rb1 Ng4 54. Qxb4 Qxb4 0-1